Letra de «Las mañanitas» - Estadísticas

Estadísticas generales
  • Esta prueba ha sido intentada 90 veces
  • La puntuación promedio es 23 de 37
Estadísticas de respuestas
Letra % Correcto
{Estas}
100%
{las}
100%
{mañanitas}
100%
{son}
100%
{Que}
99%
{cantaba}
95%
{David}
95%
{rey}
95%
{el}
95%
{aquí}
56%
{Hoy},
56%
{las}
56%
{despierta}
55%
{cantamos}
53%
{Despierta},
53%
{amaneció}
51%
{de}
51%
{día}
51%
{por}
51%
{que}
51%
{ser}
51%
{Te}
51%
{ya}
51%
{tu}
49%
{mi}
48%
{Mira}
48%
{santo}
48%
{cantan}
47%
{La}
47%
{los}
47%
{luna}
45%
{se}
45%
{Ya}
45%
{ya}
45%
{pajaritos}
44%
{bien},
40%
{metió}
39%
No se encontraron pruebas coincidentes
Distribución de puntuación
Porcentaje de gente con cada puntuación
Porcentaje por número respondido
Historial de tus puntuaciones
No has intentado esta prueba.